[Event "Titled Tue 3rd Jun Early"]
[Site "chess.com INT"]
[Date "2025.06.03"]
[Round "5"]
[White "Zieba, Hubert"]
[Black "Sonis, Francesco"]
[Result "0-1"]
[WhiteTitle "CM"]
[BlackTitle "GM"]
[WhiteElo "2233"]
[BlackElo "2570"]
[WhiteFideId "21844704"]
[BlackFideId "895733"]
[EventDate "2025.06.03"]

1. d4 Nf6 2. c4 g6 3. g3 c5 4. Nf3 Qa5+ 5. Nc3 Ne4 6. Bd2 Nxd2 7. Qxd2 Bg7 8.
Bg2 cxd4 9. Nxd4 Qc5 10. Ncb5 O-O 11. Rc1 Nc6 12. Nb3 Qe5 13. Nc3 d6 14. O-O Be6
15. Na4 Rac8 16. Rfd1 b6 17. Na1 Qa5 18. Qxa5 Nxa5 19. b3 Bd7 20. Nc3 Be6 21.
Nd5 Rfe8 22. Nc2 Nc6 23. Ncb4 Nxb4 24. Nxb4 Rc5 25. Nd5 Kf8 26. b4 Rcc8 27. b5
Rc5 28. Rc2 Rec8 29. Rdc1 Bd7 30. Nb4 Be6 31. Nc6 a5 32. a4 Rc7 33. e3 Bf5 34.
e4 Be6 35. f4 Bd7 36. e5 dxe5 37. fxe5 Be6 38. Rd1 Bxe5 39. Rd8+ Kg7 40. Rb8
R7xc6 41. Bxc6 Bxb8 0-1

[Event "Titled Tue 3rd Jun Early"]
[Site "chess.com INT"]
[Date "2025.06.03"]
[Round "5"]
[White "Lymar, Vladislav"]
[Black "Gutierrez Olivares, Daniel"]
[Result "0-1"]
[WhiteTitle "CM"]
[BlackTitle "FM"]
[WhiteElo "2216"]
[BlackElo "2354"]
[WhiteFideId "14162180"]
[BlackFideId "2264005"]
[EventDate "2025.06.03"]

1. e4 e6 2. b3 d5 3. Bb2 Nf6 4. e5 Nfd7 5. f4 c5 6. Qg4 Nc6 7. Nf3 h5 8. Qh3 g6
9. Bd3 Nb6 10. Nc3 Nb4 11. O-O Nxd3 12. cxd3 Bd7 13. Kh1 Nc8 14. Rac1 Qb6 15. g4
Ne7 16. Ng5 Bg7 17. Ne2 hxg4 18. Qxg4 Nf5 19. Ba3 Rc8 20. Bb2 Qa6 21. Qf3 Bb5
22. Ng3 Bxd3 23. Nxf5 Bxf5 24. Rfe1 Qxa2 25. Bc3 Qxb3 26. Ra1 a6 27. Rec1 Rh5
28. Kg1 Rxg5+ 29. fxg5 d4 30. Qg2 dxc3 31. Rxc3 Qd5 32. Qxd5 exd5 33. d4 c4 34.
Ra5 Bf8 35. Rxd5 Bb4 36. Rc1 Bd2 0-1

[Event "Titled Tue 3rd Jun Early"]
[Site "chess.com INT"]
[Date "2025.06.03"]
[Round "5"]
[White "Zhakshylykov, Erzhan"]
[Black "Noy, Eyal"]
[Result "0-1"]
[WhiteTitle "IM"]
[BlackTitle "FM"]
[WhiteElo "2362"]
[BlackElo "2346"]
[WhiteFideId "13804111"]
[BlackFideId "2821117"]
[EventDate "2025.06.03"]

1. e4 c5 2. c3 Nf6 3. e5 Nd5 4. d4 cxd4 5. Nf3 d6 6. cxd4 Nc6 7. Bc4 dxe5 8.
dxe5 Ndb4 9. Qb3 e6 10. O-O Na5 11. Bb5+ Bd7 12. Qa4 Bxb5 13. Qxb5+ Nac6 14. Nc3
a6 15. Qe2 Qd3 16. Rd1 Qxe2 17. Nxe2 Be7 18. Nc3 Rd8 19. Rxd8+ Kxd8 20. Bg5 Bxg5
21. Nxg5 Ke7 22. f4 Nd3 23. g3 Rd8 24. Nge4 Rd4 25. Nd6 Nxb2 26. Rb1 Rd2 27.
Nxb7 Nd4 28. Ne4 Nf3+ 29. Kf1 Nxh2+ 30. Ke1 Nf3+ 31. Kf1 Rh2 32. Nc3 Nd2+ 33.
Kg1 Nxb1 34. Nxb1 Rc2 35. Na3 Rc3 0-1

[Event "Titled Tue 3rd Jun Early"]
[Site "chess.com INT"]
[Date "2025.06.03"]
[Round "5"]
[White "Lagunov, Evgenij"]
[Black "Yushko, Olga"]
[Result "1-0"]
[WhiteTitle "FM"]
[BlackTitle "WFM"]
[WhiteElo "2201"]
[BlackElo "2036"]
[WhiteFideId "4125363"]
[BlackFideId "14114500"]
[EventDate "2025.06.03"]

1. e4 Nf6 2. d3 d5 3. e5 Nfd7 4. f4 c5 5. Nf3 Nc6 6. Nc3 e6 7. Be2 Be7 8. O-O
O-O 9. Kh1 f6 10. exf6 Bxf6 11. Bd2 Nd4 12. Nxd4 cxd4 13. Nb5 Qb6 14. Na3 Qxb2
15. Qc1 Qb6 16. Rb1 Qc6 17. Bb4 Nc5 18. Bd2 a6 19. Rb2 b5 20. Nb1 Na4 21. Rb3
Nc3 22. Nxc3 dxc3 23. Be3 a5 24. d4 b4 25. a3 Rb8 26. axb4 axb4 27. Qb1 Ba6 28.
Re1 Bxe2 29. Rxe2 Qc4 30. Qd1 Ra8 31. Re1 Ra3 32. Rb1 Rb8 33. Bg1 b3 34. cxb3
Raxb3 35. Rc1 Rb2 36. Rxe6 c2 37. Qe1 Qb5 38. Rd6 Qe8 39. Qc3 R8b3 40. Qc5 Rb1
41. Qxc2 Rxc1 42. Qxc1 Rd3 43. Rxd5 Qe4 44. Qc8+ Kf7 45. Qd7+ Kg6 46. Qg4+ Kh6
47. Rh5# 1-0

[Event "Titled Tue 3rd Jun Early"]
[Site "chess.com INT"]
[Date "2025.06.03"]
[Round "5"]
[White "Levitan, Caleb Levi"]
[Black "Sheehan, Ethan"]
[Result "0-1"]
[WhiteTitle "FM"]
[WhiteElo "2333"]
[BlackElo "2380"]
[WhiteFideId "14332620"]
[BlackFideId "30943965"]
[EventDate "2025.06.03"]

1. e4 c5 2. Nf3 d6 3. d4 cxd4 4. Nxd4 Nf6 5. Nc3 a6 6. Bc4 e6 7. Bb3 Nbd7 8. Be3
Nc5 9. f3 b5 10. Qe2 Bd7 11. a3 e5 12. Nf5 Nxb3 13. cxb3 d5 14. Bg5 d4 15. Bxf6
Qxf6 16. Nd5 Qd8 17. Rc1 Rc8 18. Rxc8 Bxc8 19. g4 g6 20. Ng3 Bh6 21. O-O O-O 22.
Nb4 a5 23. Nd3 Qd6 24. Kg2 Be6 25. h4 Be3 26. Rh1 Bxb3 27. Nf1 Bc4 28. h5 Rc8
29. b3 Bxb3 30. Nxe3 dxe3 31. Qxe3 Rc3 32. hxg6 Rxd3 33. gxh7+ Kh8 34. Qg5 f6
35. Qg6 Qe7 36. Rc1 Rd2+ 37. Kg3 Rd8 38. Rc6 Rf8 39. Rb6 Bc4 40. Ra6 a4 41. f4
exf4+ 42. Kxf4 Qxh7 0-1

[Event "Titled Tue 3rd Jun Early"]
[Site "chess.com INT"]
[Date "2025.06.03"]
[Round "5"]
[White "Gong, Qianyun"]
[Black "Gbiorczyk, Mikolaj"]
[Result "1-0"]
[WhiteTitle "WGM"]
[BlackTitle "CM"]
[WhiteElo "2265"]
[BlackElo "2191"]
[WhiteFideId "8602425"]
[BlackFideId "21080763"]
[EventDate "2025.06.03"]

1. d4 f5 2. e4 fxe4 3. Nc3 Nf6 4. f3 d5 5. fxe4 Nxe4 6. Qh5+ g6 7. Qxd5 Nxc3 8.
Qe5 Qd5 9. Qxh8 Qe4+ 10. Kd2 Bf5 11. Bd3 Qxg2+ 12. Kxc3 Bxd3 13. cxd3 Qxh1 14.
Bh6 Nd7 15. Rf1 O-O-O 16. Bxf8 Qg2 17. Re1 Rxf8 18. Qxh7 Qc6+ 19. Kd2 Qg2+ 20.
Ne2 e5 21. Kc1 exd4 22. Qe7 b6 23. Nxd4 Qd5 24. Ne6 Qc6+ 25. Kb1 Rf2 26. Rc1 Qd6
27. Qxd6 1-0

[Event "Titled Tue 3rd Jun Early"]
[Site "chess.com INT"]
[Date "2025.06.03"]
[Round "5"]
[White "Arya G Mallar"]
[Black "Momunaliev, Ruslan"]
[Result "0-1"]
[WhiteTitle "WCM"]
[BlackTitle "CM"]
[WhiteElo "2014"]
[BlackElo "2213"]
[WhiteFideId "25115324"]
[BlackFideId "13812211"]
[EventDate "2025.06.03"]

1. d4 d5 2. Nc3 Nf6 3. Bf4 Bf5 4. e3 c6 5. f3 e6 6. g4 Bg6 7. h4 h5 8. g5 Ng8 9.
Nge2 Bd6 10. Bxd6 Qxd6 11. Nf4 Ne7 12. Qd2 Nd7 13. Bh3 O-O-O 14. O-O-O Kb8 15.
Kb1 e5 16. Nxg6 Nxg6 17. Bf5 Rhe8 18. Bxg6 Qxg6 19. Rhe1 exd4 20. Qh2+ Kc8 21.
exd4 Nf8 22. Qf4 Ne6 23. Qh2 Qf5 24. Qg3 Nxd4 25. Rxd4 Rxe1+ 26. Qxe1 Qxf3 27.
a3 Kd7 28. Qe5 f6 29. gxf6 gxf6 30. Qe1 Re8 31. Qg1 Qf5 32. Rd2 Qg4 33. Qh2 Re1+
34. Ka2 Qc4+ 35. b3 Qxc3 36. b4 Ra1# 0-1

[Event "Titled Tue 3rd Jun Early"]
[Site "chess.com INT"]
[Date "2025.06.03"]
[Round "5"]
[White "Madhesh Kumar S"]
[Black "Popov, Tikhon"]
[Result "0-1"]
[WhiteTitle "CM"]
[BlackTitle "CM"]
[WhiteElo "2243"]
[BlackElo "2173"]
[WhiteFideId "25168649"]
[BlackFideId "24252026"]
[EventDate "2025.06.03"]

1. e4 c6 2. d4 d5 3. e5 Bf5 4. h4 h5 5. Bd3 Bxd3 6. Qxd3 e6 7. Nf3 Nh6 8. Bg5
Be7 9. Nbd2 Nf5 10. Bxe7 Qxe7 11. c4 Nd7 12. g3 dxc4 13. Nxc4 Nb6 14. Ne3 g6 15.
Nxf5 gxf5 16. O-O-O Nd5 17. Kb1 O-O-O 18. Ng5 Kb8 19. Rhe1 Nb6 20. Qf3 Rd5 21.
a3 Nc4 22. Qc3 Nb6 23. Nh3 Rb5 24. Re2 Na4 25. Qc4 Nb6 26. Qd3 Rd8 27. Nf4 a6
28. Nxh5 c5 29. Qc3 c4 30. Nf4 Rc8 31. Ka2 Na4 32. Qc2 Rxb2+ 33. Qxb2 Nxb2 34.
Rxb2 c3 35. Rc2 Qd7 36. Rd3 Qa4 37. Rcxc3 Rxc3 38. Rxc3 Qxd4 39. Rc2 Qxe5 40. h5
Qe4 41. Kb2 e5 42. Nh3 Qg4 43. Ng1 Qxh5 44. Ne2 Qg6 45. Nc3 e4 46. Nd5 Qd6 47.
Ne3 Qe5+ 48. Kc1 f4 49. gxf4 Qxf4 50. Kb2 f5 51. Kb3 Qe5 52. Nc4 Qd4 53. Rd2 Qc5
54. Rd8+ Ka7 55. Rd2 f4 56. Re2 Qd5 57. Rd2 Qe6 58. Rd6 Qf7 0-1

[Event "Titled Tue 3rd Jun Early"]
[Site "chess.com INT"]
[Date "2025.06.03"]
[Round "5"]
[White "Purtseladze, Maka"]
[Black "Kourkoulos-Arditis, Stamatis"]
[Result "0-1"]
[WhiteTitle "IM"]
[BlackTitle "GM"]
[WhiteElo "2261"]
[BlackElo "2580"]
[WhiteFideId "13602659"]
[BlackFideId "4221990"]
[EventDate "2025.06.03"]

1. d4 c5 2. e3 g6 3. Nf3 Bg7 4. d5 Nf6 5. c4 O-O 6. Nc3 d6 7. Be2 e6 8. e4 exd5
9. exd5 Re8 10. O-O Ne4 11. Nxe4 Rxe4 12. Bd3 Re8 13. h3 Nd7 14. Bg5 Bf6 15.
Bxf6 Qxf6 16. Qd2 Ne5 17. Nxe5 Rxe5 18. Rae1 Bd7 19. Rxe5 Qxe5 20. Re1 Qd4 21.
Re4 Qf6 22. Qe2 Kf8 23. b3 Re8 24. Rxe8+ Bxe8 25. g4 Qf4 26. Kg2 Bd7 27. Qe3
Qxe3 28. fxe3 Kg7 29. Kf3 Kf6 30. Kf4 g5+ 31. Kf3 h6 32. Bh7 Ke5 33. Bd3 f6 34.
Bc2 b5 35. Bd3 b4 36. Bc2 a5 37. Bd1 f5 38. Bc2 fxg4+ 39. hxg4 Be8 40. Bd3 h5
41. Kg3 h4+ 42. Kf3 a4 43. Bc2 a3 44. Bd3 Kf6 45. Bc2 Bg6 46. Bd1 Bb1 0-1

[Event "Titled Tue 3rd Jun Early"]
[Site "chess.com INT"]
[Date "2025.06.03"]
[Round "5"]
[White "Nguyen Quang Anh"]
[Black "Marchesich, Giovanni"]
[Result "1-0"]
[WhiteTitle "CM"]
[BlackTitle "CM"]
[WhiteElo "2052"]
[BlackElo "2219"]
[WhiteFideId "12432377"]
[BlackFideId "2824790"]
[EventDate "2025.06.03"]

1. d4 c5 2. d5 e5 3. c4 d6 4. Nc3 Be7 5. e4 Bg5 6. Nge2 Bxc1 7. Qxc1 Ne7 8. g3
O-O 9. Bg2 h6 10. O-O f5 11. Qe3 fxe4 12. Nxe4 Nf5 13. Qd2 Nd4 14. Nxd4 cxd4 15.
f4 Bf5 16. fxe5 dxe5 17. Nc5 Qb6 18. b4 a5 19. a3 axb4 20. axb4 Rxa1 21. Rxa1
Na6 22. Nxa6 bxa6 23. c5 Qb5 24. c6 Qb6 25. d6 e4 26. Qa2+ Kh8 27. Qxa6 Qxb4 28.
d7 d3 29. Qa3 Qxa3 30. Rxa3 d2 31. Ra1 e3 32. Bf3 Kg8 33. Be2 Kf7 34. Ra3 Be4
35. Rxe3 Bxc6 36. Bc4+ 1-0

[Event "Titled Tue 3rd Jun Early"]
[Site "chess.com INT"]
[Date "2025.06.03"]
[Round "5"]
[White "Cernov, Henrik"]
[Black "Tikhonov, Viacheslav"]
[Result "0-1"]
[WhiteTitle "FM"]
[BlackTitle "CM"]
[WhiteElo "2325"]
[BlackElo "2183"]
[WhiteFideId "16258312"]
[BlackFideId "44196407"]
[EventDate "2025.06.03"]

1. e4 c5 2. Nf3 Nc6 3. d4 cxd4 4. Nxd4 g6 5. Nc3 Bg7 6. Be3 Nf6 7. Be2 O-O 8.
O-O d5 9. exd5 Nxd5 10. Nxc6 bxc6 11. Nxd5 cxd5 12. Bf3 e6 13. c3 Rb8 14. Qd2 a5
15. Rfd1 Qe7 16. Rac1 Ba6 17. b3 Rfc8 18. Bh6 Bxh6 19. Qxh6 a4 20. bxa4 Rb2 21.
Rb1 Rxa2 22. Qe3 Qc5 23. Qf4 Qxf2+ 24. Kh1 Qc5 25. h4 Qc7 26. Qg5 Rxa4 27. Rd4
Rxd4 28. cxd4 Qd8 29. Qf4 h5 30. Ra1 Bd3 31. Ra7 Bf5 32. Kh2 Kg7 33. Qg3 Qf6 34.
Bxh5 Rh8 35. Qa3 Rxh5 36. Ra8 Qxh4+ 37. Kg1 Qe1# 0-1

[Event "Titled Tue 3rd Jun Early"]
[Site "chess.com INT"]
[Date "2025.06.03"]
[Round "5"]
[White "Azizoglu, Ferzan"]
[Black "Sarveshwaran V"]
[Result "1-0"]
[BlackTitle "CM"]
[WhiteElo "2055"]
[BlackElo "2290"]
[WhiteFideId "6302726"]
[BlackFideId "25699016"]
[EventDate "2025.06.03"]

1. e4 e5 2. Nf3 d6 3. d4 Nd7 4. Nc3 Ngf6 5. Bc4 h6 6. O-O Be7 7. a4 O-O 8. Re1
Re8 9. b3 Bf8 10. Bb2 c6 11. Qd2 Qc7 12. d5 Nb6 13. Bf1 Bg4 14. a5 Nc8 15. a6
Bxf3 16. axb7 Qxb7 17. dxc6 Qc7 18. gxf3 Ne7 19. Nd5 Qxc6 20. Ra6 Qb7 21. Nxf6+
gxf6 22. Rxd6 Ng6 23. Rxf6 Rad8 24. Bd3 Kg7 25. Rf5 Bb4 26. Bc3 Bc5 27. Kh1 Kh7
28. Rg1 Re7 29. Rh5 Nf4 30. Rf5 Rd6 31. Rxf4 exf4 32. e5+ 1-0

[Event "Titled Tue 3rd Jun Early"]
[Site "chess.com INT"]
[Date "2025.06.03"]
[Round "5"]
[White "Daspres, Loic"]
[Black "Zienkiewicz, Jan"]
[Result "1-0"]
[WhiteTitle "CM"]
[BlackTitle "FM"]
[WhiteElo "2207"]
[BlackElo "2362"]
[WhiteFideId "20612281"]
[BlackFideId "45116768"]
[EventDate "2025.06.03"]

1. e4 c5 2. Nf3 e6 3. d4 cxd4 4. c3 Nf6 5. e5 Nd5 6. cxd4 Nc6 7. Bd3 d6 8. O-O
dxe5 9. dxe5 Be7 10. a3 b6 11. Qe2 Bb7 12. Rd1 Qc7 13. Bd2 g5 14. Nc3 g4 15.
Nxd5 exd5 16. Ng5 h6 17. Nxf7 Kxf7 18. e6+ Ke8 19. Qxg4 Qe5 20. Bf4 Qf6 21. Bg6+
Kf8 22. Rxd5 Nd8 23. Rf5 h5 24. Rxf6+ Bxf6 25. e7+ Kxe7 26. Qg3 Ne6 27. Bd6+ Kd7
28. Rd1 Nd4 29. Be5 Rag8 30. Rxd4+ Kc8 31. Bxf6 1-0

[Event "Titled Tue 3rd Jun Early"]
[Site "chess.com INT"]
[Date "2025.06.03"]
[Round "5"]
[White "Jaskolka, Tomasz"]
[Black "Harriott, Tyrell"]
[Result "1-0"]
[WhiteTitle "CM"]
[WhiteElo "2200"]
[BlackElo "1924"]
[WhiteFideId "1170791"]
[BlackFideId "2086484"]
[EventDate "2025.06.03"]

1. d4 e6 2. Bf4 d5 3. e3 Ne7 4. c3 Ng6 5. Bg3 Be7 6. Nf3 O-O 7. Bd3 f5 8. h4 f4
9. h5 fxg3 10. hxg6 gxf2+ 11. Kxf2 h6 12. Nd2 c5 13. Ke2 c4 14. Bc2 Nc6 15. b3
b5 16. a4 b4 17. bxc4 bxc3 18. Nb1 Ba6 19. Nxc3 Nb4 20. Nb5 dxc4 21. Ne5 Bxb5
22. axb5 Qd5 23. e4 Qxb5 24. Ba4 Qb7 25. d5 Bf6 26. Nc6 Bxa1 27. Qxa1 exd5 28.
Qb2 a5 29. exd5 Rae8+ 30. Kd1 Qd7 31. Qd4 Qf5 32. Qxc4 Nxd5 33. Bb3 1-0

[Event "Titled Tue 3rd Jun Early"]
[Site "chess.com INT"]
[Date "2025.06.03"]
[Round "5"]
[White "Moeller, Maurin"]
[Black "Gales, Randi-Ioan"]
[Result "0-1"]
[WhiteTitle "FM"]
[BlackTitle "CM"]
[WhiteElo "2291"]
[BlackElo "2290"]
[WhiteFideId "16265696"]
[BlackFideId "1285360"]
[EventDate "2025.06.03"]

1. c4 e6 2. g3 d5 3. Bg2 Nf6 4. Nf3 Be7 5. O-O O-O 6. d3 c5 7. b3 Nc6 8. Bb2 d4
9. Nbd2 e5 10. Re1 Bf5 11. Nh4 Be6 12. a3 a5 13. Qc2 Nd7 14. Nhf3 Bf5 15. e3 Re8
16. exd4 cxd4 17. Ne4 Qc7 18. Nfd2 Bg6 19. h4 h6 20. f3 f5 21. Nf2 e4 22. dxe4
Qxg3 23. exf5 Bh7 24. Qe4 Nf6 25. Qe6+ Kh8 26. Nde4 Nxe4 27. Rxe4 Bg8 28. Qg6
Bxh4 29. Qxg3 Bxg3 30. Nd3 Bh7 31. Bh3 Rxe4 32. fxe4 Re8 33. Kg2 Rxe4 34. Rd1
Bc7 35. Bc1 Re2+ 36. Kf3 Rh2 37. Nf2 Ne5+ 38. Ke2 d3+ 39. Kf1 Bb6 40. Rd2 Nf3 0-1

[Event "Titled Tue 3rd Jun Early"]
[Site "chess.com INT"]
[Date "2025.06.03"]
[Round "5"]
[White "Brenke, Andreas"]
[Black "Osmak, Yuliia"]
[Result "0-1"]
[WhiteTitle "FM"]
[BlackTitle "IM"]
[WhiteElo "2349"]
[BlackElo "2471"]
[WhiteFideId "4602900"]
[BlackFideId "14101602"]
[EventDate "2025.06.03"]

1. d4 g6 2. e4 Bg7 3. c4 d6 4. Nc3 Nc6 5. d5 Nd4 6. Be3 c5 7. Nge2 Nxe2 8. Bxe2
e5 9. dxe6 Bxe6 10. O-O Ne7 11. Qd2 Nc6 12. Nb5 O-O 13. Nxd6 Nd4 14. Nb5 Qb6 15.
Nxd4 cxd4 16. Bf4 Rac8 17. Rac1 Rfd8 18. Bd3 Qc5 19. b3 Qa3 20. Rc2 b5 21. cxb5
Rc3 22. h4 Rdc8 23. h5 Rxc2 24. Bxc2 Qxa2 25. Bd3 Qxb3 26. hxg6 hxg6 27. Rb1 Qc3
28. Qe2 Qa5 29. Bd2 Qa2 30. Bf4 Qxe2 31. Bxe2 Rc2 32. Bd3 Rc3 33. Rd1 Bb3 34.
Rd2 Bf8 35. Kf1 Bb4 36. Ke2 Rc1 37. Rb2 Bd1+ 38. Kf1 Ra1 39. g3 Bc2+ 40. Ke2
Re1+ 41. Kf3 Bxd3 42. Rxb4 Bxe4+ 43. Kg4 d3 44. f3 Bf5+ 45. Kg5 Kg7 46. Rd4 f6+
47. Kh4 Rh1# 0-1

[Event "Titled Tue 3rd Jun Early"]
[Site "chess.com INT"]
[Date "2025.06.03"]
[Round "5"]
[White "Belov, Alexei"]
[Black "Jimenez Fernandez, Rebeca"]
[Result "0-1"]
[WhiteTitle "IM"]
[BlackTitle "WFM"]
[WhiteElo "2421"]
[BlackElo "2163"]
[WhiteFideId "4128206"]
[BlackFideId "32070934"]
[EventDate "2025.06.03"]

1. e4 c5 2. Nf3 Nc6 3. d4 cxd4 4. Nxd4 g6 5. Nc3 Bg7 6. Be3 Nf6 7. Bc4 Qa5 8.
O-O O-O 9. Bb3 d6 10. h3 a6 11. Re1 Bd7 12. Qd2 Rfe8 13. f4 Nxe4 14. Nxc6 Qxc3
15. Nxe7+ Rxe7 16. bxc3 Nxd2 17. Bxd2 Rae8 18. Rxe7 Rxe7 19. Re1 Rxe1+ 20. Bxe1
Kf8 21. Bd5 b5 22. c4 Ke7 23. Kf2 Bd4+ 24. Kf3 bxc4 25. Ke4 Bc5 26. Bxc4 Bc6+
27. Kd3 Bxg2 28. Bxa6 Bf1+ 29. Ke4 Bxa6 30. Bc3 f5+ 31. Kf3 Bb7+ 32. Kg3 Ke6 33.
a4 Kd5 34. a5 Kc4 35. Be1 Bb4 36. a6 Bxa6 0-1

[Event "Titled Tue 3rd Jun Early"]
[Site "chess.com INT"]
[Date "2025.06.03"]
[Round "5"]
[White "Wyss, Jonas"]
[Black "Gavarrete, Nahun"]
[Result "1-0"]
[WhiteTitle "FM"]
[BlackTitle "FM"]
[WhiteElo "2278"]
[BlackElo "2281"]
[WhiteFideId "1311387"]
[BlackFideId "8400709"]
[EventDate "2025.06.03"]

1. e4 e5 2. Nf3 Nc6 3. Nc3 Nf6 4. d4 d6 5. Bb5 Bd7 6. Bxc6 Bxc6 7. dxe5 dxe5 8.
Qxd8+ Rxd8 9. Nxe5 Bxe4 10. Nxe4 Nxe4 11. O-O Bd6 12. Re1 Bxe5 13. Bf4 O-O 14.
Bxe5 Nd6 15. Rad1 f6 16. Bxd6 cxd6 17. Re6 Rfe8 18. Rxe8+ Rxe8 19. Kf1 Rc8 20.
c3 Rc6 21. Ke2 Rb6 22. Rd2 Kf7 23. Ke3 Ke6 24. Ke4 Rc6 25. f4 Rc4+ 26. Rd4 f5+
27. Kd3 Rc6 28. Rb4 b6 29. Kd4 d5 30. Rb5 Rc4+ 31. Ke3 Re4+ 32. Kf3 Kd6 33. a4
Kc6 34. b3 Re1 35. c4 dxc4 36. bxc4 Rc1 37. Rxf5 Rxc4 38. Rf7 Rxa4 39. Rxg7 b5
40. f5 b4 41. f6 Kd6 42. Rb7 Ke6 43. f7 Ra3+ 44. Kg4 h5+ 45. Kh4 b3 46. f8=Q
Ra4+ 47. Kxh5 Ra5+ 48. Kg6 Rg5+ 49. Kxg5 b2 50. Qf5+ Kd6 51. Rd7+ Kc6 52. Qd5+
Kb6 53. Rb7+ Ka6 54. Qb5# 1-0

[Event "Titled Tue 3rd Jun Early"]
[Site "chess.com INT"]
[Date "2025.06.03"]
[Round "5"]
[White "Yezhel, Valiantsin"]
[Black "Garcia Correa, Jose Ricardo"]
[Result "1-0"]
[WhiteTitle "FM"]
[BlackTitle "FM"]
[WhiteElo "2232"]
[BlackElo "2103"]
[WhiteFideId "13504983"]
[BlackFideId "5101832"]
[EventDate "2025.06.03"]

1. d4 Nf6 2. c4 e6 3. Nc3 d5 4. Bg5 c6 5. e3 Nbd7 6. Nf3 Qa5 7. Nd2 dxc4 8. Bxf6
Nxf6 9. Nxc4 Qd8 10. Bd3 Be7 11. O-O O-O 12. a3 c5 13. dxc5 Bxc5 14. b4 Be7 15.
Rc1 b6 16. Qe2 Bb7 17. Rfd1 Qb8 18. f3 g6 19. Nb5 a6 20. Nd4 Qa7 21. Kf2 Rfd8
22. Ne5 Rdc8 23. Ndc6 Bxc6 24. Nxc6 Qd7 25. Nxe7+ Qxe7 26. Bxa6 Rxc1 27. Rxc1
Qa7 28. b5 Qe7 29. a4 Nd5 30. Bb7 Rxa4 31. Bxd5 exd5 32. Rc8+ Kg7 33. Qb2+ Kh6
34. Qd2 Qe5 35. Rc6 Ra1 36. f4 Qh5 37. Kg3 1-0

[Event "Titled Tue 3rd Jun Early"]
[Site "chess.com INT"]
[Date "2025.06.03"]
[Round "5"]
[White "Moinzai, Khushal"]
[Black "Slovineanu, Viacheslav"]
[Result "0-1"]
[WhiteTitle "FM"]
[BlackTitle "IM"]
[WhiteElo "1894"]
[BlackElo "2412"]
[WhiteFideId "11701200"]
[BlackFideId "13900510"]
[EventDate "2025.06.03"]

1. e4 c6 2. Nf3 d5 3. exd5 cxd5 4. d4 Nf6 5. Be2 Nc6 6. O-O Bg4 7. c4 e6 8. Nc3
dxc4 9. Be3 Bb4 10. Bxc4 O-O 11. Be2 Rc8 12. Qb3 Bxc3 13. bxc3 b6 14. Rac1 Na5
15. Qa4 Nd5 16. c4 Nxe3 17. fxe3 Bxf3 18. Bxf3 Qg5 19. Rfe1 Rc7 20. c5 Rfc8 21.
c6 h5 22. Rc3 h4 23. h3 Rd8 24. Rec1 Rd6 25. Qb4 Qd8 26. Qb5 Qc8 27. Qh5 Qd8 28.
Be4 f5 29. Bf3 b5 30. Rc5 a6 31. d5 Nc4 32. dxe6 Nxe3 33. Re5 Nc4 34. e7 Rxe7
35. Rxf5 Rh6 36. Qg4 Ne3 37. Qf4 Nxf5 38. Qxf5 Rd6 39. Qf4 Rc7 40. Rc5 Rd2 41.
Rh5 Qd4+ 42. Qxd4 Rxd4 43. Kf2 Kf7 44. Ke3 Rc4 45. Bd5+ Kf6 46. Bxc4 bxc4 47.
Rc5 Ke6 48. Rxc4 g5 49. Kf3 Kd5 50. Kg4 Kxc4 51. Kxg5 Rxc6 52. Kxh4 Kb4 53. g4
Ka3 54. g5 Kxa2 55. Kh5 Kb3 56. g6 a5 57. g7 Rc8 58. Kg6 a4 59. h4 a3 60. h5 a2
61. h6 a1=Q 62. h7 Qg1+ 63. Kf7 Qf2+ 64. Kg6 Qg3+ 65. Kh6 Qf4+ 66. Kg6 Rc6+ 67.
Kh5 Rh6# 0-1

[Event "Titled Tue 3rd Jun Early"]
[Site "chess.com INT"]
[Date "2025.06.03"]
[Round "5"]
[White "Haussernot, Cecile"]
[Black "Sethuraman, Roshan"]
[Result "1-0"]
[WhiteTitle "WIM"]
[WhiteElo "2108"]
[BlackElo "2074"]
[WhiteFideId "601632"]
[BlackFideId "30965250"]
[EventDate "2025.06.03"]

1. e4 c5 2. Nf3 d6 3. d4 cxd4 4. Nxd4 Nf6 5. Nc3 a6 6. Be3 e5 7. Nf3 Be7 8. Bc4
h6 9. O-O Nc6 10. Nd5 O-O 11. Bb6 Qd7 12. Qd3 Bd8 13. Nxf6+ Bxf6 14. Rfd1 Be7
15. Bd5 Qg4 16. a3 Bd7 17. b4 Rac8 18. c4 Be6 19. Rac1 Bxd5 20. cxd5 Nb8 21. h3
Qg6 22. Bc7 Nd7 23. Rc2 Nf6 24. Nd2 Nh5 25. Rdc1 Nf4 26. Qf3 Kh7 27. Nf1 Bg5 28.
Rd1 Bd8 29. Rdc1 Bg5 30. Ne3 Rfe8 31. Rd1 Re7 32. Rdc1 Rd7 33. Bb6 Rxc2 34. Rxc2
Be7 35. Nf5 Qg5 36. Rc8 g6 37. Ne3 Qf6 38. Qg4 Bd8 39. Qxd7 Bxb6 40. Qe8 h5 41.
Qg8+ Kh6 42. Qf8+ Kh7 43. Nd1 Ne2+ 44. Kf1 Ng3+ 45. Ke1 Nxe4 46. Qg8+ Kh6 47.
Qh8+ Kg5 48. Qxf6+ Kxf6 49. Rb8 Bd4 50. Rxb7 Bb2 51. Nxb2 Nc3 52. Rb6 Nxd5 53.
Rxd6+ 1-0

[Event "Titled Tue 3rd Jun Early"]
[Site "chess.com INT"]
[Date "2025.06.03"]
[Round "5"]
[White "Rahman, Masruri"]
[Black "Rentsen, Erdenetulga"]
[Result "1-0"]
[WhiteTitle "FM"]
[WhiteElo "2407"]
[BlackElo "2182"]
[WhiteFideId "7101163"]
[BlackFideId "4901320"]
[EventDate "2025.06.03"]

1. d3 d5 2. g3 Nf6 3. Bg2 Bf5 4. Nf3 e6 5. Nbd2 h6 6. O-O Be7 7. Re1 O-O 8. b3
a5 9. a4 Bh7 10. Bb2 c5 11. e4 Nc6 12. exd5 Nxd5 13. Ne4 Rc8 14. Nfd2 Nf6 15.
Nc4 Nxe4 16. dxe4 Nd4 17. Bc3 b6 18. Qd2 Bf6 19. Rad1 e5 20. Qc1 Qc7 21. Ne3 Bg5
22. Qb2 Bxe3 23. fxe3 Nc6 24. Rd5 Rfe8 25. Red1 Re7 26. R1d2 Rce8 27. Qc1 Bg6
28. Qd1 Qc8 29. Bf3 f6 30. Bg4 Qa8 31. Bf5 Bf7 32. Rd6 Qb7 33. Bd7 Rxd7 34. Rxd7
Qa8 35. Qg4 Nd8 36. R2d6 h5 37. Qf3 Qb8 38. g4 Ne6 39. gxh5 Ng5 40. Qf5 Bxh5 41.
Rxg7+ Kxg7 42. Qxf6+ Kg8 43. Qxg5+ 1-0